header

The challenge of sexuality in health care (Record no. 36486)

MARC details
000 -LEADER
fixed length control field 01190nam a2200313Ia 4500
245 04 - TITLE STATEMENT
Title The challenge of sexuality in health care
260 ## - PUBLICATION, DISTRIBUTION, ETC. (IMPRINT)
Place of publication Oxford ;
-- Malden, MA :
Name of publisher Blackwell Science,
Year of publication 2002.
300 ## - PHYSICAL DESCRIPTION
Number of Pages x, 286 p. :
Other physical details ill.
650 #0 - SUBJECT ADDED ENTRY--TOPICAL TERM
Topical Term Sex (Psychology)
Topical Term Holistic nursing.
700 1# - ADDED ENTRY--PERSONAL NAME
Personal name Heath, Hazel B. M.
Personal name White, Isabel.
856 40 - ELECTRONIC LOCATION AND ACCESS
Uniform Resource Identifier http://site.ebrary.com/lib/rucke/Doc?id=10236578

No items available.

© 2026 Rongo University
Contact us: librarian | system librarian | Rongo university